000 00385nam a2200157Ia 4500
003 Ost
005 20260225132548.0
008 260225s9999||||xx |||||||||||||| ||und||
040 _cfsic
041 _afre
082 _a440
100 _aGinette aunassip
_eAuteur
245 0 _aNéolithique sana poterie de la région de l'oued Mya /
245 0 _cGinette aunassip
942 _cكتاب
999 _c33973
_d33973